[Event "Milpitas 1000 GM IM April"]
[Site "Milpitas"]
[Date "2023.04.07"]
[Round "6.7"]
[White "Deng, Henry"]
[Black "Rodriguez Rivera, Pedro"]
[Result "0-1"]
[WhiteElo "2162"]
[BlackElo "2142"]
[PlyCount "90"]
[EventDate "2023.03.31"]
[EventType "schev"]
[EventRounds "10"]
[EventCountry "USA"]
[SourceTitle "CBM 213 Extra"]
[Source "ChessBase"]
[SourceDate "2023.05.31"]
[SourceVersion "1"]
[SourceVersionDate "2023.05.31"]
[SourceQuality "1"]

1. e4 d6 2. d4 Nf6 3. Nc3 e6 4. f4 Be7 5. Bd3 0-0 6. Nf3 c5 7. dxc5 dxc5 8. e5 Nd5 9. Bd2 Nc6 10. 0-0 Rb8 11. Qe2 Ndb4 12. Be4 Nd4 13. Nxd4 cxd4 14. Nd1 b6 15. Qf3 Na6 16. Nf2 Nc5 17. Bc6 a5 18. a3 d3 19. c3 a4 20. Be3 Bd7 21. Rad1 Rc8 22. Bxd7 Qxd7 23. Kh1 Qb5 24. Bxc5 bxc5 25. Nxd3 Rcd8 26. Rf2 Rd5 27. Ne1 Rxd1 28. Qxd1 Rd8 29. Qe2 Qb3 30. g3 c4 31. Nf3 Bc5 32. Rf1 g6 33. Rc1 Rd3 34. Rc2 Rxf3 35. Rd2 Qb7 36. Kg2 Re3+ 37. Kh3 Rxe2 38. Rxe2 Qf3 39. Rd2 Qf1+ 40. Rg2 h5 41. Kh4 Qxg2 42. Kg5 Be7+ 43. Kh6 Qh3 44. b4 Qf5 45. b5 Bf8# 0-1

[Event "Robert Byrne Memorial IM"]
[Site "Naperville"]
[Date "2023.01.22"]
[Round "8"]
[White "Rodriguez Rivera, Pedro"]
[Black "Putnam, Liam H"]
[Result "1/2-1/2"]
[WhiteElo "2145"]
[BlackElo "2282"]
[PlyCount "220"]
[EventDate "2023.01.18"]
[EventType "tourn"]
[EventRounds "9"]
[EventCountry "USA"]
[SourceTitle "CBM 212 Extra"]
[Source "ChessBase"]
[SourceDate "2023.03.31"]
[SourceVersion "1"]
[SourceVersionDate "2023.03.31"]
[SourceQuality "1"]

1. Nf3 d5 2. d4 Nf6 3. Bf4 c5 4. e3 Nc6 5. c3 Qb6 6. Qb3 c4 7. Qxb6 axb6 8. Na3 e5 9. Nb5 Ra5 10. dxe5 Rxb5 11. exf6 Rxb2 12. e4 dxe4 13. Nd2 gxf6 14. Nxe4 Be6 15. 0-0-0 Ba3 16. Bd6 Rb3+ 17. Kd2 Rb2+ 18. Kc1 Re2+ 19. Bxa3 Rxe4 20. g3 Ne5 21. f4 Nf3 22. Bg2 Re3 23. Bb4 h5 24. Rhf1 Nxh2 25. Bxb7 Rd3 26. Bc6+ Kd8 27. Rxd3+ cxd3 28. Rd1 Kc7 29. Bb5 Bf5 30. Bxd3 Bxd3 31. Rxd3 Rg8 32. Rd5 Rh8 33. Be7 Ng4 34. Rf5 Rh6 35. Bf8 Ne3 36. Rb5 Kc6 37. a4 Rh7 38. c4 Nf1 39. Rb3 Rh8 40. Bg7 Rg8 41. Bxf6 Nxg3 42. Kd1 Ne4 43. Be7 Rg3 44. Rxg3 Nxg3 45. Ke1 Nf5 46. Bb4 Ne3 47. Kf2 Nxc4 48. Kg3 Nb2 49. Kh4 Nxa4 50. Kxh5 Nc5 51. Kg5 Nd7 52. Kf5 Kd5 53. Ba3 b5 54. Bb2 b4 55. Ba1 b3 56. Bb2 Kc4 57. Ke4 Nc5+ 58. Kf5 Nd3 59. Ba1 Kd5 60. Kf6 Nxf4 61. Kxf7 Ne6 62. Ke7 Nc5 63. Kf6 Ke4 64. Ke7 Kd5 65. Kf6 Kc4 66. Ke5 Kd3 67. Kd5 Na4 68. Kc6 Kc4 69. Kd6 Kb4 70. Kd5 Ka3 71. Kc4 Ka2 72. Kb4 Nb2 73. Kc3 Nd3 74. Kc4 Nc1 75. Bg7 Ka3 76. Bh8 Ka2 77. Bg7 Ne2 78. Bh8 Nf4 79. Bg7 Ne6 80. Bh8 Nd8 81. Bg7 Nc6 82. Bh8 Ka3 83. Kb5 Nb4 84. Kc4 Nc2 85. Kd3 Ka2 86. Kc4 Ne3+ 87. Kb4 Nf1 88. Bg7 Nd2 89. Bh8 Kb1 90. Bg7 Kc2 91. Bh8 Nf1 92. Bg7 Ne3 93. Ba1 Nd1 94. Kc4 Nb2+ 95. Kb4 Nd3+ 96. Kc4 Nf4 97. Kb4 Ne2 98. Kc4 Nc1 99. Kb4 Kb1 100. Bg7 Ka2 101. Bh8 Ne2 102. Bg7 Nf4 103. Bh8 Ne6 104. Be5 Nc7 105. Bh8 Ne8 106. Be5 Nd6 107. Bh8 Nf7 108. Bg7 Nd8 109. Bh8 Nc6+ 110. Ka4 Ne7 1/2-1/2

[Event "Robert Byrne Memorial IM"]
[Site "Naperville"]
[Date "2023.01.19"]
[Round "3"]
[White "Quesada Vera, Liordis"]
[Black "Rodriguez Rivera, Pedro"]
[Result "1/2-1/2"]
[WhiteElo "2332"]
[BlackElo "2145"]
[PlyCount "39"]
[EventDate "2023.01.18"]
[EventType "tourn"]
[EventRounds "9"]
[EventCountry "USA"]
[SourceTitle "CBM 212 Extra"]
[Source "ChessBase"]
[SourceDate "2023.03.31"]
[SourceVersion "1"]
[SourceVersionDate "2023.03.31"]
[SourceQuality "1"]

1. e4 c5 2. c3 d5 3. exd5 Qxd5 4. d4 Nf6 5. Nf3 Bg4 6. Be2 e6 7. 0-0 Nc6 8. Be3 cxd4 9. Nxd4 Bxe2 10. Qxe2 Nxd4 11. Bxd4 Be7 12. Nd2 0-0 13. Nf3 Qe4 14. Qb5 Qd5 15. Qb3 Rfd8 16. h3 Qxb3 17. axb3 a6 18. b4 Rac8 19. Rfd1 Nd5 20. Kf1 1/2-1/2

[Event "Robert Byrne Memorial IM"]
[Site "Naperville"]
[Date "2023.01.18"]
[Round "1"]
[White "Moskow, Eric"]
[Black "Rodriguez Rivera, Pedro"]
[Result "1/2-1/2"]
[WhiteElo "2125"]
[BlackElo "2145"]
[PlyCount "100"]
[EventDate "2023.01.18"]
[EventType "tourn"]
[EventRounds "9"]
[EventCountry "USA"]
[SourceTitle "CBM 212 Extra"]
[Source "ChessBase"]
[SourceDate "2023.03.31"]
[SourceVersion "1"]
[SourceVersionDate "2023.03.31"]
[SourceQuality "1"]

1. Nf3 d5 2. c4 c6 3. b3 Nf6 4. g3 g6 5. Bb2 Bg7 6. Bg2 a5 7. a3 Na6 8. 0-0 0-0 9. d3 Bd7 10. Nbd2 e6 11. Qc2 Qe7 12. Rfc1 Rfd8 13. Bc3 b6 14. Be5 Be8 15. Qb2 Nh5 16. Bxg7 Nxg7 17. Ne5 f6 18. Ng4 e5 19. cxd5 cxd5 20. f4 h5 21. Ne3 Bf7 22. fxe5 fxe5 23. Rc6 Rab8 24. Nf3 Re8 25. Nh4 Rbd8 26. Rf1 Nb8 27. Rcf6 Rf8 28. Kh1 Qc5 29. Qc1 Qxc1 30. Rxc1 Nd7 31. Rfc6 d4 32. Nd5 Nb8 33. Ne7+ Kh7 34. Rxb6 Nd7 35. Rb7 Nf6 36. Nc6 Rc8 37. Rf1 Bd5 38. Bxd5 Nxd5 39. Rxf8 Rxf8 40. Nf3 Nc3 41. Ncxe5 Re8 42. Kg2 Kg8 43. Kf2 Nf5 44. Rc7 Ne3 45. Nxg6 Ned1+ 46. Kg2 Rxe2+ 47. Kh3 Nf2+ 48. Kh4 Nxd3 49. Kxh5 Nd5 50. Rc8+ Kg7 1/2-1/2

[Event "Charlotte CCCSA Fall IM-F"]
[Site "Charlotte"]
[Date "2022.11.19"]
[Round "3"]
[White "Zaloznyy, Mike"]
[Black "Rodriguez Rivera, Pedro"]
[Result "1-0"]
[WhiteElo "2226"]
[BlackElo "2195"]
[PlyCount "135"]
[EventDate "2022.11.18"]
[EventType "tourn"]
[EventRounds "9"]
[EventCountry "USA"]
[SourceTitle "CBM 211 Extra"]
[Source "ChessBase"]
[SourceDate "2023.01.31"]
[SourceVersion "1"]
[SourceVersionDate "2023.01.31"]
[SourceQuality "1"]

1. Nf3 Nf6 2. g3 d6 3. d4 c6 4. b3 g6 5. Bb2 Bg7 6. Bg2 0-0 7. 0-0 a5 8. a4 Na6 9. Nbd2 Bf5 10. Nh4 Bg4 11. h3 Bd7 12. e4 Qc7 13. Re1 Rab8 14. Nc4 d5 15. exd5 cxd5 16. Na3 Bc6 17. Nb5 Qd7 18. Ba3 Rfe8 19. Na7 Ra8 20. Nxc6 bxc6 21. Nf3 Qc7 22. Ne5 e6 23. Qd2 c5 24. Bb2 cxd4 25. Bxd4 Nd7 26. Nxd7 Bxd4 27. Qxd4 Qxd7 28. c4 Nb4 29. Re2 Qc7 30. cxd5 exd5 31. Rae1 Rxe2 32. Rxe2 Rd8 33. h4 Qd6 34. h5 Nc6 35. Qc3 gxh5 36. Qe3 Qf6 37. Qb6 Rd6 38. Qc5 h4 39. Bxd5 hxg3 40. fxg3 Qd4+ 41. Qxd4 Nxd4 42. Re8+ Kg7 43. Bc4 Nf3+ 44. Kf2 Nd2 45. Ke3 Nxc4+ 46. bxc4 Kf6 47. Rh8 Rb6 48. Kd4 Rb4 49. Kd5 Rxa4 50. c5 Ra1 51. c6 Rd1+ 52. Kc5 Rc1+ 53. Kb6 Rb1+ 54. Kxa5 Rc1 55. Kb6 Rb1+ 56. Kc7 Ra1 57. Kb7 Rb1+ 58. Kc8 Rb3 59. Rg8 h5 60. c7 Rc3 61. Kd7 Rd3+ 62. Kc6 Rc3+ 63. Kb7 Kf5 64. c8Q+ Rxc8 65. Kxc8 f6 66. Kb7 Ke4 67. Kc6 f5 68. Rg5 1-0

[Event "Charlotte CCCSA Fall IM-F"]
[Site "Charlotte"]
[Date "2022.11.18"]
[Round "2"]
[White "Rodriguez Rivera, Pedro"]
[Black "Nagy, Gabor"]
[Result "0-1"]
[WhiteElo "2195"]
[BlackElo "2482"]
[PlyCount "72"]
[EventDate "2022.11.18"]
[EventType "tourn"]
[EventRounds "9"]
[EventCountry "USA"]
[SourceTitle "CBM 211 Extra"]
[Source "ChessBase"]
[SourceDate "2023.01.31"]
[SourceVersion "1"]
[SourceVersionDate "2023.01.31"]
[SourceQuality "1"]

1. d4 Nf6 2. Nc3 d6 3. e4 g6 4. Bg5 Bg7 5. e5 Nfd7 6. f4 h6 7. Bh4 0-0 8. Nf3 Nb6 9. Bd3 Nc6 10. a3 Bg4 11. Bf2 dxe5 12. dxe5 Nd5 13. Nxd5 Qxd5 14. c4 Qe6 15. h3 Bxf3 16. Qxf3 Bxe5 17. 0-0 Bd4 18. Rae1 Qf6 19. Be4 Bxb2 20. Rb1 Rab8 21. Kh1 Bd4 22. f5 Bxf2 23. Qxf2 g5 24. Bd5 b6 25. Rbe1 Nd4 26. Re4 c5 27. h4 Kh7 28. Rg4 Rg8 29. hxg5 Rxg5 30. Rxg5 hxg5 31. Re1 Kg7 32. Kg1 Rh8 33. g4 e6 34. Bg2 exf5 35. gxf5 Rh4 36. Re8 Nxf5 0-1

[Event "Charlotte CCCSA Summer IM-C"]
[Site "Charlotte"]
[Date "2022.07.26"]
[Round "3"]
[White "Adewumi, Tanitoluwa"]
[Black "Rodriguez Rivera, Pedro"]
[Result "0-1"]
[WhiteElo "2309"]
[BlackElo "2192"]
[PlyCount "208"]
[EventDate "2022.07.24"]
[EventType "tourn"]
[EventRounds "9"]
[EventCountry "USA"]
[SourceTitle "CBM 209 Extra"]
[Source "ChessBase"]
[SourceDate "2022.09.30"]
[SourceVersion "1"]
[SourceVersionDate "2022.09.30"]
[SourceQuality "1"]

1. e4 c5 2. Nf3 d6 3. Bb5+ Nd7 4. c3 a6 5. Bd3 g6 6. Bc2 Bg7 7. d4 e5 8. 0-0 Ne7 9. dxe5 dxe5 10. Bg5 h6 11. Bxe7 Qxe7 12. c4 Nb6 13. Nc3 0-0 14. Nd5 Qd6 15. Bd3 Nxd5 16. cxd5 b5 17. b3 Bd7 18. Qe2 Bg4 19. Rfc1 Rfc8 20. a4 b4 21. a5 Qf6 22. Rc2 Bf8 23. h3 Bxf3 24. Qxf3 Qxf3 25. gxf3 Bd6 26. Re1 g5 27. h4 Kg7 28. Bf1 Kf6 29. hxg5+ hxg5 30. Bh3 Rh8 31. Bg2 Rag8 32. Re3 Rh4 33. Kf1 g4 34. fxg4 Rhxg4 35. Bf3 Rg1+ 36. Ke2 Ke7 37. Kd3 Ra1 38. Bh5 Rg5 39. Be2 Rxa5 40. Rh3 Ra3 41. Kc4 Rg2 42. Rh8 Rxf2 43. Ra8 Rf4 44. Bd3 Ra1 45. Ra7+ Kf8 46. Ra8+ Kg7 47. Rd8 Rf6 48. Rg2+ Kh7 49. Rh2+ Kg7 50. Rg2+ Kh7 51. Rxd6 Rxd6 52. Kxc5 Rd8 53. Bc4 a5 54. Rf2 Rc8+ 55. Kb5 Rb8+ 56. Kc6 Rc8+ 57. Kb5 Rb8+ 58. Kc5 Rc8+ 59. Kd6 Kg6 60. Bb5 Rc3 61. Ba4 Rb1 62. Ke7 Rc7+ 63. Kd6 Rc3 64. Rd2 Rbxb3 65. Bxb3 Rxb3 66. Ke7 Rc3 67. d6 b3 68. d7 Rc7 69. Ke8 Rxd7 70. Kxd7 a4 71. Rd6+ Kg5 72. Rb6 f5 73. exf5 Kxf5 74. Rb5 Ke4 75. Rb4+ Kd3 76. Rxa4 b2 77. Rb4 Kc3 78. Re4 b1Q 79. Rxe5 Kd4 80. Re6 Qh7+ 81. Kc6 Qf7 82. Kd6 Qa7 83. Kc6 Qc5+ 84. Kb7 Kd5 85. Rb6 Qe7+ 86. Ka6 Qd7 87. Rb5+ Kc4 88. Rb1 Qc6+ 89. Ka7 Qe4 90. Rb7 Kc5 91. Rc7+ Kb5 92. Rf7 Qd4+ 93. Kb8 Qd8+ 94. Ka7 Kc6 95. Rb7 Qd4+ 96. Kb8 Qd5 97. Ka7 Qd8 98. Rb1 Qd7+ 99. Ka8 Qd8+ 100. Ka7 Qe7+ 101. Kb8 Qf8+ 102. Ka7 Qf7+ 103. Kb8 Qg8+ 104. Ka7 Qh7+ 0-1

[Event "Charlotte CCCSA Summer IM-C"]
[Site "Charlotte"]
[Date "2022.07.25"]
[Round "2"]
[White "Rodriguez Rivera, Pedro"]
[Black "Xie, Bryan"]
[Result "1/2-1/2"]
[WhiteElo "2192"]
[BlackElo "2191"]
[PlyCount "87"]
[EventDate "2022.07.24"]
[EventType "tourn"]
[EventRounds "9"]
[EventCountry "USA"]
[SourceTitle "CBM 209 Extra"]
[Source "ChessBase"]
[SourceDate "2022.09.30"]
[SourceVersion "1"]
[SourceVersionDate "2022.09.30"]
[SourceQuality "1"]

1. d4 Nf6 2. Nf3 e6 3. e3 b6 4. Bd3 Bb7 5. Nbd2 c5 6. 0-0 Be7 7. c3 Nc6 8. Ne5 0-0 9. Qe2 Qc7 10. Nxc6 dxc6 11. Ne4 cxd4 12. exd4 c5 13. dxc5 Nxe4 14. Bxe4 Bxc5 15. Bxb7 Qxb7 16. Be3 Qe4 17. Rfe1 Bxe3 18. Qxe3 Qxe3 19. Rxe3 Rad8 20. Re2 Rd3 21. f3 Rfd8 22. Kf2 Kf8 23. Rae1 b5 24. Re5 a6 25. R1e2 Ke7 26. a4 Rb8 27. axb5 axb5 28. Rc2 Kd6 29. Rg5 g6 30. Ke2 Rd5 31. Rxd5+ exd5 32. Rd2 Kc5 33. Rd4 Ra8 34. Ke3 Ra2 35. Rd2 Ra4 36. Kd3 Ra1 37. Re2 Rd1+ 38. Kc2 Rf1 39. Kb3 h5 40. Re5 Rf2 41. Rg5 Kd6 42. h4 Ke6 43. Ka3 Kd6 44. Kb3 1/2-1/2

[Event "Charlotte CCCSA Spring IM-D"]
[Site "Charlotte"]
[Date "2022.05.05"]
[Round "3"]
[White "Chen, Ryo"]
[Black "Rodriguez Rivera, Pedro"]
[Result "1-0"]
[WhiteElo "2265"]
[BlackElo "2197"]
[PlyCount "109"]
[EventDate "2022.05.04"]
[EventType "tourn"]
[EventRounds "9"]
[EventCountry "USA"]
[SourceTitle "CBM 208 Extra"]
[Source "ChessBase"]
[SourceDate "2022.07.31"]
[SourceVersion "1"]
[SourceVersionDate "2022.07.31"]
[SourceQuality "1"]

1. e4 d6 2. d4 Nf6 3. Nc3 e6 4. f4 Be7 5. Nf3 0-0 6. Bd3 c5 7. dxc5 dxc5 8. e5 Nd5 9. Bd2 Nc6 10. a3 Nd4 11. Nxd4 cxd4 12. Nxd5 Qxd5 13. Qe2 Bh4+ 14. Kd1 Be7 15. Re1 Rb8 16. Bb4 Re8 17. Qe4 Qxe4 18. Rxe4 Bd7 19. Bxe7 Rxe7 20. Rxd4 Bc6 21. g3 Ree8 22. Kd2 Red8 23. Rxd8+ Rxd8 24. Ke3 Kf8 25. Rd1 Ke7 26. Be2 b6 27. Rxd8 Kxd8 28. Bf3 Bb5 29. Kd4 Bf1 30. b4 Kc7 31. c4 Kd7 32. a4 Kc7 33. a5 Kd7 34. a6 Kc7 35. b5 Bh3 36. Bc6 Kd8 37. Be4 h6 38. Bf3 Kc7 39. Ke3 Bf1 40. Be2 Bg2 41. Bh5 g6 42. Bf3 Bxf3 43. Kxf3 Kc8 44. Ke4 Kb8 45. Kd4 Kc8 46. c5 Kc7 47. cxb6+ axb6 48. Ke4 Kc8 49. Kf3 Kc7 50. Kg4 Kc8 51. h4 Kc7 52. h5 Kc8 53. hxg6 fxg6 54. Kf3 Kc7 55. Ke4 1-0

[Event "Charlotte CCCSA Spring IM-D"]
[Site "Charlotte"]
[Date "2022.03.17"]
[Round "2"]
[White "Rodriguez Rivera, Pedro"]
[Black "Zapata, Alonso"]
[Result "0-1"]
[WhiteElo "2190"]
[BlackElo "2378"]
[PlyCount "124"]
[EventDate "2022.03.16"]
[EventType "tourn"]
[EventRounds "9"]
[EventCountry "USA"]
[EventCategory "1"]
[SourceTitle "CBM 207 Extra"]
[Source "ChessBase"]
[SourceDate "2022.05.31"]
[SourceVersion "1"]
[SourceVersionDate "2022.05.31"]
[SourceQuality "1"]

1. e4 c5 2. g3 d5 3. exd5 Qxd5 4. Nf3 Bg4 5. Bg2 Qe6+ 6. Kf1 Bh3 7. Nc3 Nc6 8. Qe2 Qxe2+ 9. Nxe2 Bxg2+ 10. Kxg2 e5 11. d3 Nf6 12. a3 Nd5 13. Re1 0-0-0 14. Bd2 f6 15. Nc3 Nc7 16. Be3 Ne6 17. Rac1 Be7 18. Ne4 Rd7 19. Ned2 Rhd8 20. a4 b6 21. Nc4 Kb7 22. Bd2 Nc7 23. Nh4 Nd5 24. Nf5 Bf8 25. Nfe3 Ndb4 26. Bc3 a6 27. Na3 Nd4 28. Nec4 Nbc6 29. Nd2 g6 30. Nf3 Ne6 31. Ra1 Nb4 32. Bxb4 cxb4 33. Nc4 b3 34. cxb3 Rxd3 35. Re3 Bc5 36. Rxd3 Rxd3 37. Rc1 e4 38. Nfd2 f5 39. Rc3 Rd8 40. Nf1 Bd4 41. Rc2 Nc5 42. f3 exf3+ 43. Kxf3 Nxb3 44. Re2 Rd7 45. Nfd2 Nc5 46. a5 b5 47. Nb6 Rf7 48. b4 Nd3 49. Nb3 Bxb6 50. axb6 Nxb4 51. Re6 Nc6 52. Kf4 Kxb6 53. Nd4 Rc7 54. h4 Kc5 55. Nf3 Re7 56. Re1 Rxe1 57. Nxe1 Nd4 58. Kg5 Kc4 59. Ng2 Nc2 60. h5 gxh5 61. Nh4 b4 62. Nf3 Kc3 0-1

[Event "Estero Gulf Coast op 7th"]
[Site "Estero"]
[Date "2022.01.08"]
[Round "3"]
[White "Becerra Rivero, Julio"]
[Black "Rodriguez Rivera, Pedro"]
[Result "1-0"]
[WhiteElo "2491"]
[BlackElo "2182"]
[PlyCount "57"]
[EventDate "2022.01.07"]
[EventType "swiss"]
[EventRounds "5"]
[EventCountry "USA"]
[SourceTitle "EXT 2023"]
[Source "ChessBase"]
[SourceDate "2022.10.05"]
[SourceVersion "1"]
[SourceVersionDate "2022.10.05"]
[SourceQuality "1"]

1. e4 c5 2. Nf3 d6 3. d4 cxd4 4. Nxd4 Nf6 5. Nc3 g6 6. Be3 Bg7 7. f3 Nc6 8. Qd2 0-0 9. Bc4 Bd7 10. h4 Qa5 11. 0-0-0 Rfc8 12. Bb3 Ne5 13. Kb1 Nc4 14. Bxc4 Rxc4 15. Nb3 Qe5 16. Bd4 Qe6 17. Rhe1 a5 18. e5 Nd5 19. exd6 Nxc3+ 20. Bxc3 Bxc3 21. bxc3 Qxd6 22. Qe2 Qc6 23. Rxd7 a4 24. Qxe7 Rf8 25. Rd8 Rxd8 26. Qxd8+ Kg7 27. Re8 Qb5 28. Rg8+ Kh6 29. g4 1-0